[Event "EU-ch (Women) 12th"]
[Site "Tbilisi"]
[Date "2011.05.18"]
[Round "11"]
[White "Martirosyan, Lia"]
[Black "Shamatava, Ana"]
[Result "1/2-1/2"]
[WhiteElo "2093"]
[BlackElo "1917"]
[PlyCount "107"]
[EventDate "2011.05.07"]
[EventType "swiss"]
[EventRounds "11"]
[EventCountry "GEO"]
[SourceTitle "CBM 142 Extra"]
[Source "ChessBase"]
[SourceDate "2011.06.27"]
[SourceVersion "1"]
[SourceVersionDate "2011.06.27"]
[SourceQuality "1"]

1. Nf3 Nf6 2. b3 d5 3. Bb2 Bf5 4. g3 e6 5. Bg2 c5 6. 0-0 h6 7. d3 Be7 8. Nbd2 0-0 9. Ne5 Nbd7 10. e4 dxe4 11. dxe4 Bh7 12. Qe2 Nxe5 13. Bxe5 Nd7 14. Bb2 Qc7 15. f4 Rad8 16. a4 e5 17. Nc4 exf4 18. gxf4 Rfe8 19. Kh1 Bf8 20. f5 f6 21. Rad1 Kh8 22. Bc1 Bg8 23. Ne3 Ne5 24. Nd5 Bxd5 25. exd5 Bd6 26. Qh5 Nf7 27. Rde1 Be5 28. c4 Kg8 29. Bf3 Bc3 30. Re6 Rf8 31. Qg6 Ng5 32. Bxg5 fxg5 33. Bh5 Be5 34. Re1 Bf6 35. Re8 Rdxe8 36. Rxe8 Qd7 37. Re6 a6 38. Kg2 b5 39. Bf3 bxc4 40. bxc4 Qxa4 41. d6 Qc2+ 42. Re2 Qxc4 43. d7 g4 44. Qxg4 Qxg4+ 45. Bxg4 Rd8 46. Re8+ Kf7 47. Bh5+ g6 48. fxg6+ Kg7 49. Re6 Rxd7 50. Rxa6 Rc7 51. Bf3 Kxg6 52. Rc6 Rxc6 53. Bxc6 Kf5 54. Kf3 1/2-1/2

[Event "EU-ch (Women) 12th"]
[Site "Tbilisi"]
[Date "2011.05.11"]
[Round "5"]
[White "Martirosyan, Lia"]
[Black "Asgarova, Turan Nizami Qizi"]
[Result "0-1"]
[WhiteElo "2093"]
[BlackElo "1957"]
[PlyCount "50"]
[EventDate "2011.05.07"]
[EventType "swiss"]
[EventRounds "11"]
[EventCountry "GEO"]
[SourceTitle "CBM 142 Extra"]
[Source "ChessBase"]
[SourceDate "2011.06.27"]
[SourceVersion "1"]
[SourceVersionDate "2011.06.27"]
[SourceQuality "1"]

1. d4 Nf6 2. Nf3 g6 3. Bg5 Bg7 4. Nbd2 d5 5. e3 Nbd7 6. Be2 0-0 7. 0-0 h6 8. Bh4 b6 9. c4 dxc4 10. Bxc4 Bb7 11. Qc2 g5 12. Bg3 c5 13. Rfd1 Rc8 14. Qb3 cxd4 15. Nxd4 Nc5 16. Qa3 e6 17. b4 Nce4 18. Nxe4 Nxe4 19. Nxe6 Qf6 20. Nxf8 Nxg3 21. Ba6 Rc2 22. Rf1 Nxf1 23. Rxf1 Bxa6 24. Nd7 Qd6 25. Qxa6 Qxd7 0-1

[Event "EU-ch (Women) 12th"]
[Site "Tbilisi"]
[Date "2011.05.09"]
[Round "3"]
[White "Martirosyan, Lia"]
[Black "Zhukova, Natalia"]
[Result "0-1"]
[WhiteElo "2093"]
[BlackElo "2428"]
[PlyCount "76"]
[EventDate "2011.05.07"]
[EventType "swiss"]
[EventRounds "11"]
[EventCountry "GEO"]
[SourceTitle "CBM 142 Extra"]
[Source "ChessBase"]
[SourceDate "2011.06.27"]
[SourceVersion "1"]
[SourceVersionDate "2011.06.27"]
[SourceQuality "1"]

1. d4 d5 2. Nf3 c5 3. c3 Nc6 4. e3 e6 5. Bd3 Nf6 6. Nbd2 Qc7 7. 0-0 Be7 8. Qe2 0-0 9. dxc5 Bxc5 10. e4 h6 11. h3 Bb6 12. Nh2 Ne5 13. Bb1 Ng6 14. Re1 dxe4 15. Nxe4 Nxe4 16. Bxe4 f5 17. Bc2 e5 18. Qh5 Qf7 19. Nf3 e4 20. Nd4 Bxd4 21. cxd4 Be6 22. Bd2 Rac8 23. Bb3 Bxb3 24. axb3 a6 25. Ra5 Ne7 26. Qxf7+ Rxf7 27. Rc5 Rd8 28. Rc7 Nc6 29. Rxf7 Kxf7 30. Be3 Rd5 31. Rc1 Rb5 32. Rc5 Rxc5 33. dxc5 Ke6 34. h4 Kd5 35. h5 Nd4 36. Kh2 Nxb3 37. Kg3 Ke5 38. Bd2 Nxd2 0-1

[Event "ARM-ch (Women) 62nd"]
[Site "Yerevan"]
[Date "2008.01.15"]
[Round "3"]
[White "Martirosyan, Lia"]
[Black "Andriasian, Siranush"]
[Result "1/2-1/2"]
[WhiteElo "2111"]
[BlackElo "2228"]
[PlyCount "73"]
[EventDate "2008.01.13"]
[EventType "tourn"]
[EventRounds "9"]
[EventCountry "ARM"]
[SourceTitle "CBM 122 Extra"]
[Source "ChessBase"]
[SourceDate "2008.03.04"]
[SourceVersion "1"]
[SourceVersionDate "2008.03.04"]
[SourceQuality "1"]

1. d4 Nf6 2. c4 e6 3. Nf3 c5 4. d5 b5 5. cxb5 Nxd5 6. e4 Nb6 7. a4 a5 8. e5 Be7 9. Bd3 Bb7 10. Nc3 f5 11. Qe2 0-0 12. 0-0 Bxf3 13. Qxf3 d5 14. exd6 Bxd6 15. Qh5 N8d7 16. Bg5 Qc7 17. f4 c4 18. Bc2 Nc5 19. Rad1 Rf7 20. Qf3 Re8 21. Qc6 Qxc6 22. bxc6 Be7 23. Bxe7 Rfxe7 24. Nb5 Nd5 25. Rfe1 Nb4 26. c7 Nca6 27. Bxf5 Nxc7 28. Nxc7 Rxc7 29. Rxe6 Rf8 30. Re5 g6 31. Be6+ Kg7 32. Rxa5 Rxf4 33. Rb5 Nc2 34. Bh3 Nd4 35. Rd5 Ne2+ 36. Kh1 c3 37. bxc3 1/2-1/2

[Event "Wch U20 Girls 25th"]
[Site "Yerevan"]
[Date "2007.10.16"]
[Round "13"]
[White "Khalaji, Hanieh"]
[Black "Martirosyan, Lia"]
[Result "1/2-1/2"]
[WhiteElo "1872"]
[BlackElo "2121"]
[PlyCount "81"]
[EventDate "2007.10.03"]
[EventType "swiss"]
[EventRounds "13"]
[EventCountry "ARM"]
[SourceTitle "CBM 120 Extra"]
[Source "ChessBase"]
[SourceDate "2007.11.01"]
[SourceVersion "1"]
[SourceVersionDate "2007.11.01"]
[SourceQuality "1"]

1. e4 c6 2. d4 d5 3. exd5 cxd5 4. Bd3 Nc6 5. c3 Nf6 6. Bf4 g6 7. Nf3 Bg7 8. Ne5 Qb6 9. Qe2 a6 10. Nxc6 Qxc6 11. Be5 0-0 12. 0-0 Bh6 13. Nd2 Nh5 14. Nf3 f6 15. Bg3 Nxg3 16. hxg3 Qd6 17. Rfe1 Re8 18. Qc2 Bg7 19. c4 dxc4 20. Bxc4+ e6 21. Re2 b5 22. Qe4 Ra7 23. Bb3 Kh8 24. Rc1 Bd7 25. Qe3 Rc7 26. Rce1 Bc6 27. Qf4 Qxf4 28. gxf4 Bxf3 29. gxf3 Rd7 30. Rxe6 Rxe6 31. Rxe6 h5 32. d5 a5 33. Bc2 Kh7 34. f5 Rxd5 35. fxg6+ Kh6 36. Kg2 b4 37. a3 Rc5 38. Bb1 Rc1 39. Be4 bxa3 40. bxa3 Ra1 41. Ra6 1/2-1/2

[Event "Wch U18 Girls"]
[Site "Batumi"]
[Date "2006.10.25"]
[Round "7"]
[White "Martirosyan, Lia"]
[Black "Gurchumalidze, Teona"]
[Result "0-1"]
[WhiteElo "2111"]
[BlackElo "2058"]
[PlyCount "52"]
[EventDate "2006.10.19"]
[EventType "swiss"]
[EventRounds "13"]
[EventCountry "GEO"]
[SourceTitle "EXT 2007"]
[Source "ChessBase"]
[SourceDate "2006.11.23"]
[SourceVersion "1"]
[SourceVersionDate "2006.11.23"]
[SourceQuality "1"]

1. d4 d5 2. c4 e6 3. Nc3 c6 4. Nf3 f5 5. Bf4 Nf6 6. e3 Be7 7. Bd3 0-0 8. 0-0 Bd7 9. Qc2 Ne4 10. Nd2 Be8 11. f3 Nxd2 12. Qxd2 c5 13. cxd5 cxd4 14. exd4 exd5 15. Qc2 Nc6 16. Nxd5 Kh8 17. Nxe7 Qxd4+ 18. Kh1 Qxf4 19. Nxc6 Bxc6 20. Rae1 Rf6 21. Qc4 Qd6 22. Bc2 Rh6 23. f4 Qg6 24. Qe2 Qg3 25. Kg1 Qxh2+ 26. Kf2 Qxg2+ 0-1

[Event "Wch U20 Girls 24th"]
[Site "Yerevan"]
[Date "2006.10.14"]
[Round "11"]
[White "Martirosyan, Lia"]
[Black "Buttner, Natalia"]
[Result "1/2-1/2"]
[WhiteElo "2111"]
[BlackElo "2068"]
[PlyCount "40"]
[EventDate "2006.10.03"]
[EventType "swiss"]
[EventRounds "13"]
[EventCountry "ARM"]
[SourceTitle "CBM 114 Extra"]
[Source "ChessBase"]
[SourceDate "2006.11.03"]
[SourceVersion "1"]
[SourceVersionDate "2006.11.03"]
[SourceQuality "1"]

1. d4 Nf6 2. c4 e6 3. Nf3 b6 4. g3 Ba6 5. b3 Bb4+ 6. Bd2 Be7 7. Bg2 Bb7 8. Nc3 0-0 9. 0-0 d5 10. Ne5 Nbd7 11. Rc1 c5 12. Nxd7 Qxd7 13. dxc5 d4 14. c6 Bxc6 15. Bxc6 Qxc6 16. Nb5 Rfd8 17. b4 a6 18. Na3 a5 19. b5 Qc5 20. Nb1 Ne4 1/2-1/2

[Event "Wch U20 Girls 24th"]
[Site "Yerevan"]
[Date "2006.10.13"]
[Round "10"]
[White "Zawadzka, Beata"]
[Black "Martirosyan, Lia"]
[Result "1-0"]
[WhiteElo "2346"]
[BlackElo "2111"]
[PlyCount "81"]
[EventDate "2006.10.03"]
[EventType "swiss"]
[EventRounds "13"]
[EventCountry "ARM"]
[SourceTitle "CBM 114 Extra"]
[Source "ChessBase"]
[SourceDate "2006.11.03"]
[SourceVersion "1"]
[SourceVersionDate "2006.11.03"]
[SourceQuality "1"]

1. d4 d5 2. c4 c6 3. e3 Nf6 4. Nf3 e6 5. Nbd2 Nbd7 6. Bd3 Bd6 7. 0-0 0-0 8. e4 dxe4 9. Nxe4 Nxe4 10. Bxe4 Nf6 11. Bc2 h6 12. b3 Qc7 13. Bb2 Rd8 14. Qe2 Be7 15. Rad1 b6 16. a3 Bb7 17. Rfe1 Re8 18. Ne5 Bf8 19. Rd3 Nd7 20. Rg3 f5 21. Re3 Bc8 22. Ng6 Nf6 23. Bxf5 exf5 24. Rxe8 Nxe8 25. Qxe8 Bb7 26. Qe3 Qf7 27. Nxf8 Rxf8 28. f4 Bc8 29. Qe5 Bd7 30. Qd6 Re8 31. Re5 Qh5 32. h3 Qf7 33. d5 cxd5 34. cxd5 Bb5 35. a4 Bd3 36. Re6 Kh7 37. Qe5 Rxe6 38. dxe6 Qe7 39. Qd5 Be4 40. Qd7 Qc5+ 41. Kh2 1-0

[Event "Wch U20 Girls 24th"]
[Site "Yerevan"]
[Date "2006.10.11"]
[Round "8"]
[White "Kharatyan, Anahit"]
[Black "Martirosyan, Lia"]
[Result "1-0"]
[WhiteElo "2070"]
[BlackElo "2111"]
[PlyCount "93"]
[EventDate "2006.10.03"]
[EventType "swiss"]
[EventRounds "13"]
[EventCountry "ARM"]
[SourceTitle "CBM 114 Extra"]
[Source "ChessBase"]
[SourceDate "2006.11.03"]
[SourceVersion "1"]
[SourceVersionDate "2006.11.03"]
[SourceQuality "1"]

1. e4 c6 2. d4 d5 3. e5 Bf5 4. Nf3 e6 5. Be2 Nd7 6. 0-0 Ne7 7. Be3 Bg4 8. Nbd2 Nf5 9. Bd3 Be7 10. c3 Qc7 11. h3 Nxe3 12. fxe3 Bh5 13. b3 0-0-0 14. b4 f6 15. exf6 gxf6 16. b5 c5 17. c4 Rdg8 18. Rf2 f5 19. cxd5 f4 20. Nf1 exd5 21. Rc1 fxe3 22. Nxe3 Bh4 23. Rfc2 Qf4 24. Ng4 Bxg4 25. hxg4 Rxg4 26. dxc5 Nf6 27. b6 Qe3+ 28. Kh1 Kb8 29. c6 bxc6 30. bxa7+ Ka8 31. Rxc6 Rgg8 32. Nxh4 Ng4 33. Qa4 Nf2+ 34. Kh2 Ng4+ 35. Kh1 Nf2+ 36. Kh2 Qg3+ 37. Kg1 Nh3+ 38. Kf1 Nf4 39. Rh6 Rc8 40. Rb1 Nxd3 41. Rb8+ Rxb8 42. axb8Q+ Kxb8 43. Qb5+ Kc8 44. Rc6+ Kd8 45. Qxd5+ Ke8 46. Re6+ Kf8 47. Qd8+ 1-0

[Event "Wch U20 Girls 24th"]
[Site "Yerevan"]
[Date "2006.10.03"]
[Round "1"]
[White "Martirosyan, Lia"]
[Black "Harika, Dronavalli"]
[Result "0-1"]
[WhiteElo "2111"]
[BlackElo "2353"]
[PlyCount "93"]
[EventDate "2006.10.03"]
[EventType "swiss"]
[EventRounds "13"]
[EventCountry "ARM"]
[SourceTitle "CBM 114 Extra"]
[Source "ChessBase"]
[SourceDate "2006.11.03"]
[SourceVersion "1"]
[SourceVersionDate "2006.11.03"]
[SourceQuality "1"]

1. d4 Nf6 2. Nf3 g6 3. Bg5 Bg7 4. Nbd2 d5 5. e3 0-0 6. Bd3 c5 7. c3 b6 8. 0-0 Bb7 9. Ne5 Ne4 10. Nxe4 dxe4 11. Bc4 Nd7 12. Ng4 Kh8 13. dxc5 f6 14. Bf4 Nxc5 15. h4 h5 16. Nh2 e5 17. Bg3 Nd3 18. Qe2 Rc8 19. Bb3 f5 20. f3 f4 21. Bf2 Nxf2 22. Qxf2 Bf6 23. fxe4 Bxh4 24. Qe2 Bxe4 25. Rad1 Qe7 26. exf4 exf4 27. Rd4 Rce8 28. Ba4 Bf5 29. Qxe7 Rxe7 30. Rdxf4 Bg5 31. R4f3 Rd8 32. Kh1 Re2 33. R3f2 Rdd2 34. Rxe2 Rxe2 35. Nf3 Bf6 36. Nd4 Bxd4 37. cxd4 Be4 38. Rg1 Rxb2 39. Bb3 Rd2 40. d5 Bxd5 41. Bxd5 Rxd5 42. Rc1 Ra5 43. Rc2 Kg7 44. Kh2 Ra3 45. Rf2 b5 46. Rb2 a6 47. Rf2 0-1

[Event "Wch U18 Girls"]
[Site "Belfort"]
[Date "2005.07.27"]
[Round "9"]
[White "Martirosyan, Lia"]
[Black "Soumya, Swaminathan"]
[Result "0-1"]
[WhiteElo "2120"]
[BlackElo "2166"]
[PlyCount "94"]
[EventDate "2005.07.19"]
[EventType "swiss"]
[EventRounds "11"]
[EventCountry "FRA"]
[SourceTitle "CBM 107 Extra"]
[Source "ChessBase"]
[SourceDate "2005.09.01"]
[SourceVersion "1"]
[SourceVersionDate "2005.09.01"]
[SourceQuality "1"]

1. d4 Nf6 2. Nf3 g6 3. Bg5 Bg7 4. Nbd2 d6 5. e4 c5 6. c3 Qc7 7. Be2 Nbd7 8. 0-0 e6 9. Re1 0-0 10. Bf1 h6 11. Bh4 g5 12. Bg3 Nh5 13. dxc5 Nxc5 14. b4 Nxg3 15. hxg3 Nd7 16. Rc1 Rd8 17. Qb3 Nf6 18. c4 b6 19. Nb1 Bb7 20. Nc3 Rac8 21. Rcd1 a6 22. a4 Nd7 23. Nd2 g4 24. f4 gxf3 25. gxf3 d5 26. Kg2 dxc4 27. Qc2 Ne5 28. b5 Nd3 29. Re2 Qe5 30. Ndb1 Qg5 31. Qd2 Qg6 32. Kh2 Be5 33. f4 Qh5+ 34. Bh3 Nxf4 35. Qxd8+ Rxd8 36. Rxd8+ Kh7 37. gxf4 Bxf4+ 38. Kg2 Qg5+ 39. Kf1 Qxd8 40. Bg2 Qd3 41. bxa6 Bxa6 42. e5 Kg7 43. Be4 Qh3+ 44. Bg2 Qh5 45. Rb2 Qxe5 46. Rxb6 Qe3 47. Rxa6 Bg3 0-1

[Event "Wch U18 Girls"]
[Site "Belfort"]
[Date "2005.07.22"]
[Round "4"]
[White "Bayaraa, Zorigt"]
[Black "Martirosyan, Lia"]
[Result "1-0"]
[WhiteElo "2061"]
[BlackElo "2120"]
[PlyCount "121"]
[EventDate "2005.07.19"]
[EventType "swiss"]
[EventRounds "11"]
[EventCountry "FRA"]
[SourceTitle "CBM 107 Extra"]
[Source "ChessBase"]
[SourceDate "2005.09.01"]
[SourceVersion "1"]
[SourceVersionDate "2005.09.01"]
[SourceQuality "1"]

1. e4 c5 2. Nf3 Nc6 3. Bb5 e6 4. Bxc6 bxc6 5. 0-0 Qc7 6. Nc3 Ne7 7. d3 Ng6 8. Re1 e5 9. h3 Be7 10. Ne2 0-0 11. Ng3 d6 12. c3 f5 13. exf5 Bxf5 14. Nxf5 Rxf5 15. d4 cxd4 16. cxd4 d5 17. dxe5 Raf8 18. Be3 Qd7 19. Nd4 Rxe5 20. Qa4 Bc5 21. Qxc6 Qe7 22. Nc2 Bxe3 23. Rxe3 Nf4 24. Kh1 Rd8 25. Rxe5 Qxe5 26. Re1 Qh5 27. Qc3 Qg6 28. Ne3 d4 29. Qc7 Rf8 30. Qc4+ Ne6 31. Ng4 Re8 32. Ne5 Qf5 33. Nf3 d3 34. Re3 Kf8 35. Qxd3 Qxd3 36. Rxd3 Nf4 37. Rd2 Rc8 38. Kh2 h6 39. Ne5 Ke7 40. g3 Nh5 41. b3 Nf6 42. Nc4 Rc6 43. Kg2 Re6 44. Rd3 Kf7 45. Nd6+ Kg6 46. Nc8 a5 47. Nd6 Re2 48. a4 Re5 49. Nc4 Rc5 50. f4 Nd5 51. Kf3 h5 52. g4 hxg4+ 53. hxg4 Kf6 54. Ke4 Nb4 55. Rd6+ Ke7 56. Rg6 Kf7 57. Rb6 Na2 58. Kd4 Rc7 59. Nxa5 Nc1 60. Nc4 Ne2+ 61. Ke3 1-0

[Event "Wch U16 Girls"]
[Site "Heraklion"]
[Date "2004.11.07"]
[Round "5"]
[White "Dauletova, Gulmira"]
[Black "Martirosyan, Lia"]
[Result "1-0"]
[WhiteElo "2063"]
[BlackElo "2146"]
[PlyCount "91"]
[EventDate "2004.11.04"]
[EventType "swiss"]
[EventRounds "11"]
[EventCountry "GRE"]
[SourceTitle "EXT 2005"]
[Source "ChessBase"]
[SourceDate "2004.11.15"]
[SourceVersion "1"]
[SourceVersionDate "2004.11.15"]
[SourceQuality "1"]

1. e4 c6 2. d4 d5 3. exd5 cxd5 4. Bd3 Nf6 5. c3 Nc6 6. Bf4 Bg4 7. Qb3 Qd7 8. Nd2 Nh5 9. Be3 e6 10. h3 Bf5 11. Bb5 Nf6 12. Ngf3 Bd6 13. Ne5 Qc7 14. Ndf3 0-0 15. Bf4 Be4 16. Bxc6 bxc6 17. Qd1 Rab8 18. b3 Nh5 19. Be3 Ba3 20. Ng5 Bb2 21. Nxe4 dxe4 22. 0-0 Bxa1 23. Qxh5 Bxc3 24. Rc1 f6 25. Nc4 Bb4 26. Qh4 Qe7 27. Qxe4 f5 28. Qe5 Rb5 29. Qf4 Rd5 30. Ne5 c5 31. dxc5 Bxc5 32. Bxc5 Rxc5 33. Rxc5 Qxc5 34. Nd7 e5 35. Nxe5 Qd5 36. Kh2 Qd6 37. Qc4+ Kh8 38. f4 Qf6 39. Nd7 Qe7 40. Nxf8 Qxf8 41. Qc7 a6 42. Qb7 a5 43. Qd5 g5 44. Qxa5 gxf4 45. Qe5+ Kg8 46. Qxf4 1-0